000 00229 a2200097 4500
001 34599
100 _aGrimes, Galen
245 _aTen Minute Guide to Microsoft FrontPage 2000
260 _aND
_bPHI
_c1999
090 _c22882
_d22882
942 _aNUST-CAE
_cM
_c14316
999 _c269672
_d269672